<?xml version="1.0" encoding="UTF-8"?>
<record
    xmlns:xsi="http://www.w3.org/2001/XMLSchema-instance"
    xsi:schemaLocation="http://www.loc.gov/MARC21/slim http://www.loc.gov/standards/marcxml/schema/MARC21slim.xsd"
    xmlns="http://www.loc.gov/MARC21/slim">

  <leader>00855nam a22001697a 4500</leader>
  <controlfield tag="008">230313b        |||||||| |||| 00| 0 eng d</controlfield>
  <datafield tag="020" ind1=" " ind2=" ">
    <subfield code="a">92-3-101377-7</subfield>
  </datafield>
  <datafield tag="040" ind1=" " ind2=" ">
    <subfield code="a">National Science Library</subfield>
    <subfield code="c">National Science Library</subfield>
  </datafield>
  <datafield tag="080" ind1=" " ind2=" ">
    <subfield code="a">D 025.43:[5/6:65.01 </subfield>
    <subfield code="b">L6.1</subfield>
  </datafield>
  <datafield tag="245" ind1=" " ind2=" ">
    <subfield code="a">SPINES thesaurus: </subfield>
    <subfield code="b">A controlled and structured vocabulary of science and technology for policy-making, management and development</subfield>
    <subfield code="c">/ UNESCO</subfield>
  </datafield>
  <datafield tag="260" ind1=" " ind2=" ">
    <subfield code="a">Paris: </subfield>
    <subfield code="b">UNESCO Press, </subfield>
    <subfield code="c">1976</subfield>
  </datafield>
  <datafield tag="300" ind1=" " ind2=" ">
    <subfield code="a">80p.</subfield>
  </datafield>
  <datafield tag="500" ind1=" " ind2=" ">
    <subfield code="a">Vol. 1 ( Rules, conventions, directions for use, and auxiliary devices); ISBN: 9231013777; 80p.
Vol. 2 (Alphabetical structured list); Part 1: from A to M; ISBN: 9231013777; 316p.
Vol. 2 (Alphabetical structured list); Part 2: from N to end; ISBN: 9231013777; 236p.</subfield>
  </datafield>
  <datafield tag="650" ind1=" " ind2=" ">
    <subfield code="a">Library science</subfield>
  </datafield>
  <datafield tag="653" ind1=" " ind2=" ">
    <subfield code="a">Information retrieval system</subfield>
  </datafield>
  <datafield tag="942" ind1=" " ind2=" ">
    <subfield code="2">udc</subfield>
    <subfield code="c">BK</subfield>
  </datafield>
  <datafield tag="999" ind1=" " ind2=" ">
    <subfield code="c">7819</subfield>
    <subfield code="d">7819</subfield>
  </datafield>
  <datafield tag="952" ind1=" " ind2=" ">
    <subfield code="0">0</subfield>
    <subfield code="1">0</subfield>
    <subfield code="2">udc</subfield>
    <subfield code="4">0</subfield>
    <subfield code="6">D_02543566501_L61</subfield>
    <subfield code="7">0</subfield>
    <subfield code="9">11468</subfield>
    <subfield code="a">NSL</subfield>
    <subfield code="b">NSL</subfield>
    <subfield code="c">GF/Rk-2/C-15/R-2</subfield>
    <subfield code="d">1977-01-10</subfield>
    <subfield code="h">Vol. 1 ( Rules, conventions, directions for use, and auxiliary devices); ISBN: 9231013777; 80p.</subfield>
    <subfield code="l">0</subfield>
    <subfield code="o">D 025.43:[5/6:65.01 L6.1</subfield>
    <subfield code="p">67034</subfield>
    <subfield code="r">2023-03-13 00:00:00</subfield>
    <subfield code="w">2023-03-13</subfield>
    <subfield code="y">BK</subfield>
  </datafield>
  <datafield tag="952" ind1=" " ind2=" ">
    <subfield code="0">0</subfield>
    <subfield code="1">0</subfield>
    <subfield code="2">udc</subfield>
    <subfield code="4">0</subfield>
    <subfield code="6">D_02543566501_L611</subfield>
    <subfield code="7">0</subfield>
    <subfield code="9">11469</subfield>
    <subfield code="a">NSL</subfield>
    <subfield code="b">NSL</subfield>
    <subfield code="c">GF/Rk-2/C-15/R-2</subfield>
    <subfield code="d">1977-01-10</subfield>
    <subfield code="h">Vol. 1 ( Rules, conventions, directions for use, and auxiliary devices); ISBN: 9231013777; 80p.</subfield>
    <subfield code="l">0</subfield>
    <subfield code="o">D 025.43:[5/6:65.01 L6.1;1</subfield>
    <subfield code="p">67035</subfield>
    <subfield code="r">2023-03-13 00:00:00</subfield>
    <subfield code="w">2023-03-13</subfield>
    <subfield code="y">BK</subfield>
  </datafield>
  <datafield tag="952" ind1=" " ind2=" ">
    <subfield code="0">0</subfield>
    <subfield code="1">0</subfield>
    <subfield code="2">udc</subfield>
    <subfield code="4">0</subfield>
    <subfield code="6">D_02543566501_L612</subfield>
    <subfield code="7">0</subfield>
    <subfield code="9">11470</subfield>
    <subfield code="a">NSL</subfield>
    <subfield code="b">NSL</subfield>
    <subfield code="c">GF/Rk-2/C-15/R-2</subfield>
    <subfield code="d">1978-09-02</subfield>
    <subfield code="h">Vol. 1 ( Rules, conventions, directions for use, and auxiliary devices); ISBN: 9231013777; 80p.</subfield>
    <subfield code="l">0</subfield>
    <subfield code="o">D 025.43:[5/6:65.01 L6.1;2</subfield>
    <subfield code="p">88214</subfield>
    <subfield code="r">2023-03-13 00:00:00</subfield>
    <subfield code="w">2023-03-13</subfield>
    <subfield code="y">BK</subfield>
  </datafield>
  <datafield tag="952" ind1=" " ind2=" ">
    <subfield code="0">0</subfield>
    <subfield code="1">0</subfield>
    <subfield code="2">udc</subfield>
    <subfield code="4">1</subfield>
    <subfield code="6">D_02543566501_L612</subfield>
    <subfield code="7">0</subfield>
    <subfield code="9">11475</subfield>
    <subfield code="a">NSL</subfield>
    <subfield code="b">NSL</subfield>
    <subfield code="c">GF/Rk-2/C-15/R-2</subfield>
    <subfield code="d">1977-01-10</subfield>
    <subfield code="h">Vol. 2 (Alphabetical structured list); Part 1: from A to M; ISBN: 9231013777; 316p.</subfield>
    <subfield code="l">0</subfield>
    <subfield code="o">D 025.43:[5/6:65.01 L6.1;2</subfield>
    <subfield code="p">67036</subfield>
    <subfield code="r">2023-03-13 00:00:00</subfield>
    <subfield code="w">2023-03-13</subfield>
    <subfield code="y">BK</subfield>
  </datafield>
  <datafield tag="952" ind1=" " ind2=" ">
    <subfield code="0">0</subfield>
    <subfield code="1">0</subfield>
    <subfield code="2">udc</subfield>
    <subfield code="4">0</subfield>
    <subfield code="6">D_02543566501_L6121</subfield>
    <subfield code="7">0</subfield>
    <subfield code="9">11477</subfield>
    <subfield code="a">NSL</subfield>
    <subfield code="b">NSL</subfield>
    <subfield code="c">GF/Rk-2/C-15/R-2</subfield>
    <subfield code="d">1977-01-10</subfield>
    <subfield code="h">Vol. 2 (Alphabetical structured list); Part 1: from A to M; ISBN: 9231013777; 316p.</subfield>
    <subfield code="l">0</subfield>
    <subfield code="o">D 025.43:[5/6:65.01 L6.1;2.1</subfield>
    <subfield code="p">67037</subfield>
    <subfield code="r">2023-03-13 00:00:00</subfield>
    <subfield code="w">2023-03-13</subfield>
    <subfield code="y">BK</subfield>
  </datafield>
  <datafield tag="952" ind1=" " ind2=" ">
    <subfield code="0">0</subfield>
    <subfield code="1">0</subfield>
    <subfield code="2">udc</subfield>
    <subfield code="4">0</subfield>
    <subfield code="6">D_02543566501_L6122</subfield>
    <subfield code="7">0</subfield>
    <subfield code="9">11478</subfield>
    <subfield code="a">NSL</subfield>
    <subfield code="b">NSL</subfield>
    <subfield code="c">GF/Rk-2/C-15/R-2</subfield>
    <subfield code="d">1977-01-10</subfield>
    <subfield code="h">Vol. 2 (Alphabetical structured list); Part 1: from A to M; ISBN: 9231013777; 316p.</subfield>
    <subfield code="l">0</subfield>
    <subfield code="o">D 025.43:[5/6:65.01 L6.1;2.2</subfield>
    <subfield code="p">88215</subfield>
    <subfield code="r">2023-03-13 00:00:00</subfield>
    <subfield code="w">2023-03-13</subfield>
    <subfield code="y">BK</subfield>
  </datafield>
  <datafield tag="952" ind1=" " ind2=" ">
    <subfield code="0">0</subfield>
    <subfield code="1">0</subfield>
    <subfield code="2">udc</subfield>
    <subfield code="4">0</subfield>
    <subfield code="6">D_02543566501_L62</subfield>
    <subfield code="7">0</subfield>
    <subfield code="9">11480</subfield>
    <subfield code="a">NSL</subfield>
    <subfield code="b">NSL</subfield>
    <subfield code="c">GF/Rk-2/C-15/R-2</subfield>
    <subfield code="d">1977-01-10</subfield>
    <subfield code="h">Vol. 2 (Alphabetical structured list); Part 2: from N to end; ISBN: 9231013777; 236p.</subfield>
    <subfield code="l">0</subfield>
    <subfield code="o">D 025.43:[5/6:65.01 L6.2</subfield>
    <subfield code="p">67038</subfield>
    <subfield code="r">2023-03-13 00:00:00</subfield>
    <subfield code="w">2023-03-13</subfield>
    <subfield code="y">BK</subfield>
  </datafield>
  <datafield tag="952" ind1=" " ind2=" ">
    <subfield code="0">0</subfield>
    <subfield code="1">0</subfield>
    <subfield code="2">udc</subfield>
    <subfield code="4">0</subfield>
    <subfield code="6">D_02543566501_L621</subfield>
    <subfield code="7">0</subfield>
    <subfield code="9">11482</subfield>
    <subfield code="a">NSL</subfield>
    <subfield code="b">NSL</subfield>
    <subfield code="c">GF/Rk-2/C-15/R-2</subfield>
    <subfield code="d">1977-01-10</subfield>
    <subfield code="h">Vol. 2 (Alphabetical structured list); Part 2: from N to end; ISBN: 9231013777; 236p.</subfield>
    <subfield code="l">0</subfield>
    <subfield code="o">D 025.43:[5/6:65.01 L6.2.1</subfield>
    <subfield code="p">67039</subfield>
    <subfield code="r">2023-03-13 00:00:00</subfield>
    <subfield code="w">2023-03-13</subfield>
    <subfield code="y">BK</subfield>
  </datafield>
  <datafield tag="952" ind1=" " ind2=" ">
    <subfield code="0">0</subfield>
    <subfield code="1">0</subfield>
    <subfield code="2">udc</subfield>
    <subfield code="4">0</subfield>
    <subfield code="6">D_02543566501_L622</subfield>
    <subfield code="7">0</subfield>
    <subfield code="9">11483</subfield>
    <subfield code="a">NSL</subfield>
    <subfield code="b">NSL</subfield>
    <subfield code="c">GF/Rk-2/C-15/R-2</subfield>
    <subfield code="d">1977-01-10</subfield>
    <subfield code="h">Vol. 2 (Alphabetical structured list); Part 2: from N to end; ISBN: 9231013777; 236p.</subfield>
    <subfield code="l">0</subfield>
    <subfield code="o">D 025.43:[5/6:65.01 L6.2.2</subfield>
    <subfield code="p">88216</subfield>
    <subfield code="r">2023-03-13 00:00:00</subfield>
    <subfield code="w">2023-03-13</subfield>
    <subfield code="y">BK</subfield>
  </datafield>
</record>
